| 000 | 00853nam a2200241 u 4500 | ||
|---|---|---|---|
| 005 | 20240803063841.0 | ||
| 008 | 091014s2008 ag r 000 0 spa d | ||
| 020 | _a9789870006763 | ||
| 035 | _aUPN01000173153 | ||
| 049 | _aCG | ||
| 050 | 4 |
_aLB1047.3 _bV3.3 2008 |
|
| 100 | 1 |
_aValle, Pablo, _d1961- _939717 |
|
| 245 | 1 | 0 |
_aGuía para preparar monografías : _by otros textos expositivos / _cPablo Valle, Ezequiel Ander-Egg. |
| 250 | _aNueva ed. renovada y ampl. | ||
| 260 |
_aBuenos Aires : _bLumen-Hvmanitas, _c2008. |
||
| 300 | _a174 p. | ||
| 500 | _a"En esta edición aparece en la portada en primer término Ezequiel Ander-Egg" | ||
| 650 | 4 |
_aRedacción _91538 |
|
| 650 | 4 |
_aInvestigación _xMetodología _95209 |
|
| 650 | 4 |
_aTesis y disertaciones académicas _912172 |
|
| 700 | 1 |
_aAnder-Egg, Ezequiel, _d1930- _ecoaut. _928724 |
|
| 905 | _aLibro | ||
| 999 |
_c145257 _d145257 |
||